Código Penal de la República Argentina, Procesal Penal de la Nación y Procesal Penal Federal /

Guardado en:
Otros Autores: Parada, Ricardo, (comp.), Errecaborde, José, (comp.)
Formato: Libro
Idioma:Spanish
Publicado: Ciudad Autónoma de Buenos Aires : Errepar, 2022.
Edición:1a. ed.
Materias:
Etiquetas: Agregar Etiqueta
Sin Etiquetas, Sea el primero en etiquetar este registro!
LEADER 00691nam a22001935a 4500
001 DER.der014781
008 221216s2022####ag############000#0#spa#d
005 20240902124132.0
245 1 0 |a Código Penal de la República Argentina, Procesal Penal de la Nación y Procesal Penal Federal /  |c Argentina. 
250 |a 1a. ed. 
260 |a Ciudad Autónoma de Buenos Aires :  |b Errepar,  |c 2022. 
300 |a 624 p. 
505 0 |a Incluye: Constitución Nacional y tratados Internacionales 
020 |a 9789870117797 
240 1 0 |a Argentina - Códigos 
700 1 |a Parada, Ricardo,  |e comp. 
700 1 |a Errecaborde, José,  |e comp. 
650 7 |a DERECHO PENAL 
859 |a DERECHO  |b BIB. DERECHO  |h 348.023  |i ARG  |p 0010168